| 000 | 00641nam a2200193 i 4500 | ||
|---|---|---|---|
| 001 | 38043 | ||
| 003 | ES-MaACL | ||
| 005 | 20251110063218.0 | ||
| 007 | t| | ||
| 008 | 030224s1944 ag ||||1| spa d | ||
| 100 | 1 |
_aCabrera, Blas, _d1878-1945 _933279 |
|
| 245 | 1 | 3 |
_aEl magnetismo de la materia / _cBlas Cabrera. |
| 260 |
_aBuenos Aires : _bInstitución Cultural Española, _c1944 ( _fSebastián de Amorrortu e Hijos) |
||
| 300 |
_a62 p. : _bil. ; _c25 cm. |
||
| 650 | 0 | 4 |
_aMagnetismo. _914735 |
| 710 | 0 | 0 |
_aInstitución Cultural Española (Buenos Aires) _94714 |
| 852 |
_aES-MaACL _j1876-F-5 _bR.25249 |
||
| 999 |
_c38043 _d38043 |
||